| 000 | 00408cam a22001217a 4500 | ||
|---|---|---|---|
| 999 |
_c508672 _d508672 |
||
| 008 | 180718b1960 xxu||||| |||| 00| 0 eng d | ||
| 082 | _aA45:Z2 MYSO/1952-53 | ||
| 100 |
_aMysore. Department of Food Supplies _94141 |
||
| 245 |
_aAdministration report of the Department of Food Supplies, 1952-53 _cby Department of Food Supplies |
||
| 260 |
_aBangalore _bGovernment Press _c1954 |
||
| 300 | _a36p. | ||
| 942 | _2ddc | ||